Nexus / (Record no. 104488)

MARC details
000 -LEADER
campo de control de longitud fija 00720nam a2200229 i 4500
001 - NÚMERO DE CONTROL
campo de control 104488
003 - IDENTIFICADOR DE NÚMERO DE CONTROL
campo de control ES-MaACL
005 - FECHA Y HORA DE LA ÚLTIMA TRANSACCIÓN
campo de control 20251018063059.0
007 - CAMPO FIJO DE DESCRIPCIÓN FÍSICA--INFORMACIÓN GENERAL
campo de control de longitud fija t|
008 - DATOS DE LONGITUD FIJA--INFORMACIÓN GENERAL
campo de control de longitud fija 051130s1982 sp ||||1| spa d
100 1# - ENTRADA PRINCIPAL--NOMBRE DE PERSONA
Nombre de persona Miller, Henry,
Fechas asociadas al nombre 1891-1980
9 (RLIN) 242368
245 10 - MENCIÓN DEL TÍTULO
Título Nexus /
Mención de responsabilidad, etc. Henry Miller; traducción de Carlos Manzano.
260 ## - PUBLICACIÓN, DISTRIBUCIÓN, ETC.
Lugar de publicación, distribución, etc. Madrid :
Nombre del editor, distribuidor, etc. Alfaguara,
Fecha de publicación, distribución, etc. 1982.
300 ## - DESCRIPCIÓN FÍSICA
Extensión 347 p. ;
Dimensiones 22 cm.
490 1# - MENCIÓN DE SERIE
Mención de serie Literatura Alfaguara ;
Designación de volumen o secuencia 72
490 1# - MENCIÓN DE SERIE
Mención de serie La crucifixión rosada ;
Designación de volumen o secuencia III
700 1# - ENTRADA AGREGADA--NOMBRE PERSONAL
Nombre de persona Manzano, Carlos.
9 (RLIN) 76216
830 0# - PUNTO DE ACCESO ADICIONAL DE SERIE-TÍTULO UNIFORME
Título uniforme Literatura Alfaguara ;
Designación de volumen o secuencia 72
9 (RLIN) 178100
830 0# - PUNTO DE ACCESO ADICIONAL DE SERIE-TÍTULO UNIFORME
Título uniforme La crucifixión rosada ;
Designación de volumen o secuencia III
9 (RLIN) 232640
852 ## - LOCALIZACIÓN
Ubicación ES-MaACL
Número de control de estantería L-2611
Sublocalización o colección R.103503
Holdings
Estatus retirado Estado de pérdida Estado de daño No para préstamo Biblioteca de origen Biblioteca actual Ubicación en estantería Fecha de adquisición Fuente de adquisición Total de préstamos Signatura topográfica completa Código de barras Visto por última vez Precio de reemplazo Tipo de ítem Koha
        Biblioteca del Ateneo de Madrid Biblioteca del Ateneo de Madrid Depósito 2 17/01/2008     L-2611 1109093 23/02/2023 23/02/2023 Libro impreso